000 01001 a2200229 4500
003 Nust
005 20220721163818.0
010 _a 2004062380
020 _a0849323231 (alk. paper)
040 _cNust
082 0 0 _a004.68,HAN
245 0 0 _aHandbook of wireless local area networks :
_bapplications, technology, security, and standards /
_cedited by Mohammad Ilyas and Syed Ahson.
260 _aBoca Raton :
_bTaylor & Francis,
_c2005.
300 _axii, 652 p. :
_bill. ;
_c24 cm.
440 0 _aInternet and communications
_994465
505 _aSection-I: Introduction (Page-1), Section-II Technology (Page-135), Section-III: Applications (Page -235), Section-IV: Security I (Page-341), Section-V: Security II (Page-449), Section-VI: Standards (Page-525).
650 0 _aWireless LANs
_994460
700 1 _aAhson, Syed.
_994466
700 1 _aIlyas, Mohammad,
_d1953-
_994250
856 4 2 _3Publisher description
_uhttp://www.loc.gov/catdir/enhancements/fy0647/2004062380-d.html
942 _cREF
_2ddc
999 _c174834
_d174834